<?xml version="1.0" encoding="UTF-8"?><?xml-stylesheet type="text/xsl" href="static/style.xsl"?><OAI-PMH xmlns="http://www.openarchives.org/OAI/2.0/" xmlns:xsi="http://www.w3.org/2001/XMLSchema-instance" xsi:schemaLocation="http://www.openarchives.org/OAI/2.0/ http://www.openarchives.org/OAI/2.0/OAI-PMH.xsd"><responseDate>2026-04-14T07:37:01Z</responseDate><request verb="GetRecord" identifier="oai:www.recercat.cat:2445/214591" metadataPrefix="marc">https://recercat.cat/oai/request</request><GetRecord><record><header><identifier>oai:recercat.cat:2445/214591</identifier><datestamp>2025-12-04T22:40:56Z</datestamp><setSpec>com_2072_1057</setSpec><setSpec>col_2072_478825</setSpec><setSpec>col_2072_478909</setSpec><setSpec>col_2072_478917</setSpec></header><metadata><record xmlns="http://www.loc.gov/MARC21/slim" xmlns:dcterms="http://purl.org/dc/terms/" xmlns:xsi="http://www.w3.org/2001/XMLSchema-instance" xmlns:doc="http://www.lyncode.com/xoai" xsi:schemaLocation="http://www.loc.gov/MARC21/slim http://www.loc.gov/standards/marcxml/schema/MARC21slim.xsd">
   <leader>00925njm 22002777a 4500</leader>
   <datafield ind2=" " ind1=" " tag="042">
      <subfield code="a">dc</subfield>
   </datafield>
   <datafield ind2=" " ind1=" " tag="720">
      <subfield code="a">Domènech Andreu, Marc</subfield>
      <subfield code="e">author</subfield>
   </datafield>
   <datafield ind2=" " ind1=" " tag="720">
      <subfield code="a">Wangensteen Fuentes, Owen S. (Simon)</subfield>
      <subfield code="e">author</subfield>
   </datafield>
   <datafield ind2=" " ind1=" " tag="720">
      <subfield code="a">Enguídanos, Alba</subfield>
      <subfield code="e">author</subfield>
   </datafield>
   <datafield ind2=" " ind1=" " tag="720">
      <subfield code="a">Malumbres-Olarte, Jagoba</subfield>
      <subfield code="e">author</subfield>
   </datafield>
   <datafield ind2=" " ind1=" " tag="720">
      <subfield code="a">Arnedo Lombarte, Miquel Àngel</subfield>
      <subfield code="e">author</subfield>
   </datafield>
   <datafield ind2=" " ind1=" " tag="260">
      <subfield code="c">2024-07-16T06:53:39Z</subfield>
   </datafield>
   <datafield ind2=" " ind1=" " tag="260">
      <subfield code="c">2024-07-16T06:53:39Z</subfield>
   </datafield>
   <datafield ind2=" " ind1=" " tag="260">
      <subfield code="c">2022-08</subfield>
   </datafield>
   <datafield ind2=" " ind1=" " tag="260">
      <subfield code="c">2024-07-16T06:53:45Z</subfield>
   </datafield>
   <datafield ind2=" " ind1=" " tag="520">
      <subfield code="a">Although arthropods are the largest component of animal diversity, they are traditionally underrepresented in biological inventories and monitoring programmes. However, no biodiversity assessment can be considered informative without including them. Arthropod immature stages are often discarded during sorting, despite frequently representing more than half of the collected individuals. To date, little effort has been devoted to characterising the impact of discarding nonadult specimens on our diversity estimates. Here, we used a metabarcoding approach to analyse spiders from oak forests in the Iberian Peninsula, to assess (1) the contribution of juvenile stages to local diversity estimates, and (2) their effect on the diversity patterns (compositional differences) across assemblages. We further investigated the ability of metabarcoding to inform on abundance. We obtained 363 and 331 species as adults and juveniles, respectively. Including the species represented only by juveniles increased the species richness of the whole sampling in 35% with respect to those identified from adults. Differences in composition between assemblages were greatly reduced when immature stages were considered, especially across latitudes, possibly due to phenological differences. Moreover, our results revealed that metabarcoding data are to a certain extent quantitative, but some sort of taxonomic conversion factor may be necessary to provide accurate informative estimates. Although our findings do not question the relevance of the information provided by adult-based inventories, they also reveal that juveniles provide a novel and relevant layer of knowledge that, especially in areas with marked seasonality, may influence our interpretations, providing more accurate information from standardised biological inventories.</subfield>
   </datafield>
   <datafield tag="653" ind2=" " ind1=" ">
      <subfield code="a">Biodiversitat</subfield>
   </datafield>
   <datafield tag="653" ind2=" " ind1=" ">
      <subfield code="a">Península Ibèrica</subfield>
   </datafield>
   <datafield tag="653" ind2=" " ind1=" ">
      <subfield code="a">Aranyes</subfield>
   </datafield>
   <datafield tag="653" ind2=" " ind1=" ">
      <subfield code="a">Biodiversity</subfield>
   </datafield>
   <datafield tag="653" ind2=" " ind1=" ">
      <subfield code="a">Iberian Peninsula</subfield>
   </datafield>
   <datafield tag="653" ind2=" " ind1=" ">
      <subfield code="a">Spiders</subfield>
   </datafield>
   <datafield ind2="0" ind1="0" tag="245">
      <subfield code="a">For all audiences: Incorporating immature stages into standardised spider inventories has a major impact on the assessment of biodiversity patterns</subfield>
   </datafield>
</record></metadata></record></GetRecord></OAI-PMH>